[Event "It \"]
[Site "masterchessopen.com - Burbank (USA)"]
[Date "2004.04.04"]
[Round "4"]
[White "Yanayt Eugene (USA)"]
[Black "Deng Kong Liang (USA)"]
[Result "0-1"]
[WhiteElo "2270"]
[BlackElo "2433"]

1.d4 f5 2.g3 Nf6 3.Bg2 g6 4.c4 Bg7 5.Nc3 O-O 6.Nf3 d6 7.O-O Nc6 8.Qc2 h6 9.d5
Ne5 10.b3 g5 11.Bb2 a6 12.Nd4 f4 13.Nf5 Rf7 14.Nxg7 Rxg7 15.Ne4 Qe8 16.Bxe5
dxe5 17.Qc3 Qh5 18.Nxf6+ exf6 19.Rad1 Bg4 20.Rd2 Re8 21.c5 Bxe2 22.Rxe2 Qxe2
23.Bf3 Qb5 24.Bg4 Rd8 25.Be6+ Kf8 26.Qc2 Qe8 27.Qf5 Qg6 {#R} 0-1

[Event "Ch Catalunia (juniors)"]
[Site "masterchessopen.com - Barcelona (Spain)"]
[Date "2004.04.09"]
[Round "5"]
[White "Vila Gerard"]
[Black "Oms Fuentes Lluis (ESP)"]
[Result "0-1"]
[WhiteElo "2100"]
[BlackElo "2239"]

1.c4 f5 2.g3 Nf6 3.Bg2 g6 4.Nf3 Bg7 5.d4 O-O 6.O-O d6 7.Nc3 Nc6 8.Re1 e5
9.dxe5 dxe5 10.Qxd8 Rxd8 11.Bg5 e4 12.Nh4 Be6 13.b3 h6 14.Bxf6 Bxf6 15.Rac1
Bxc3 16.Rxc3 g5 17.f3 gxh4 18.fxe4 fxe4 19.Bxe4 h3 20.Re3 Re8 {#R} 0-1

[Event "Ch Norway (open)"]
[Site "masterchessopen.com - Oslo (Norway)"]
[Date "2004.04.10"]
[Round "8"]
[White "Martinsen Stig K (NOR)"]
[Black "Ferkingstad Sjur (NOR)"]
[Result "0-1"]
[WhiteElo "2148"]
[BlackElo "2213"]

1.d4 f5 2.g3 g6 3.Bg2 Nf6 4.Nf3 Bg7 5.O-O O-O 6.c4 d6 7.Nc3 Nc6 8.d5 Ne5
9.Nxe5 dxe5 10.c5 Kh8 11.Qb3 h6 12.Rd1 g5 13.Bd2 e4 14.Rac1 Ng4 15.h3 Ne5
16.Be1 a6 17.Na4 Qe8 18.Ba5 f4 19.Bxc7 Qf7 20.Nb6 f3 21.exf3 exf3 22.Bf1 Bxh3
23.Bxe5 Bxe5 24.Bxh3 Qh5 25.Bf1 Bxg3 26.fxg3 f2+ 27.Kg2 g4 28.Qc3+ Kg8 29.Nxa8
Qh3# 0-1

[Event "It (open)"]
[Site "masterchessopen.com - Badalona (Spain)"]
[Date "2004.05.02"]
[Round "2"]
[White "Pons Carreras David (ESP)"]
[Black "Gea Cabrero Jordi (ESP)"]
[Result "1-0"]
[WhiteElo "2309"]
[BlackElo "2036"]

1.Nf3 f5 2.c4 Nf6 3.g3 g6 4.Bg2 Bg7 5.O-O O-O 6.Nc3 d6 7.d4 Nc6 8.d5 Ne5 9.Qb3
Nfd7 10.Be3 Nxf3+ 11.exf3 b6 12.f4 Nc5 13.Qc2 Bb7 14.Rad1 e5 15.fxe5 Bxe5
16.f4 Bg7 17.b4 Re8 18.Rfe1 Nd7 19.Nb5 Nf8 20.c5 Ba6 21.Nd4 Qd7 22.Nc6 Bb7
23.Qc4 dxc5 24.bxc5 Kh8 25.Ne5 Bxe5 26.c6 {#r} 1-0

[Event "It (open) \"]
[Site "masterchessopen.com - Berlin (Germany)"]
[Date "2004.05.21"]
[Round "4"]
[White "Koenig Frank (GER)"]
[Black "Duester Christian (GER)"]
[Result "0-1"]
[WhiteElo "2024"]
[BlackElo "2196"]

1.Nf3 f5 2.c4 Nf6 3.Nc3 g6 4.g3 Bg7 5.Bg2 O-O 6.O-O d6 7.d4 Nc6 8.d5 Ne5
9.Nxe5 dxe5 10.e4 f4 11.b3 g5 12.Bb2 g4 13.f3 Bh6 14.Qe2 gxf3 15.Bxf3 Bh3
16.Bg2 Bg4 17.Bf3 Qd7 18.Bxg4 Nxg4 19.Rf3 Rf6 20.Nd1 Rg6 21.h3 Nf6 22.Bxe5
Qxh3 23.Nf2 Rxg3+ 24.Rxg3+ Qxg3+ 25.Kf1 Kf7 26.Qd3 Rg8 27.Ke2 f3+ {#R} 0-1

[Event "Ch Southern California"]
[Site "masterchessopen.com - Los Angeles (USA)"]
[Date "2004.07.10"]
[Round "1"]
[White "Casella Michael (USA)"]
[Black "Deng Kong Liang (USA)"]
[Result "0-1"]
[WhiteElo "2259"]
[BlackElo "2433"]

1.d4 g6 2.c4 Bg7 3.Nc3 d6 4.Nf3 f5 5.g3 Nf6 6.Bg2 O-O 7.O-O Nc6 8.d5 Ne5 9.Qb3
Nfd7 10.Nxe5 Nxe5 11.Rd1 Kh8 12.f4 Ng4 13.h3 Nf6 14.Be3 a6 15.Bd4 Qe8 16.a4
Rg8 17.a5 Nh5 18.Bxg7+ Rxg7 19.Bf3 g5 20.Bxh5 Qxh5 21.Kh2 gxf4 22.gxf4 Qh4
23.Rg1 Qxf4+ 24.Kh1 Rg3 {#R} 0-1

[Event "It (open)"]
[Site "masterchessopen.com - Biel (Switzerland)"]
[Date "2004.07.21"]
[Round "3"]
[White "Cvitan Ognjen (CRO)"]
[Black "Joksic Sinisa (SRB)"]
[Result "1-0"]
[WhiteElo "2532"]
[BlackElo "2309"]

1.d4 g6 2.Nf3 f5 3.g3 Bg7 4.Bg2 Nf6 5.c4 d6 6.O-O O-O 7.Nc3 Nc6 8.d5 Na5 9.Qd3
c5 10.Bd2 a6 11.Rac1 Rb8 12.b3 Bd7 13.e4 Nh5 14.exf5 gxf5 15.Ne2 b5 16.Rfe1
Bf6 17.Bh6 Ng7 18.Nf4 bxc4 19.bxc4 Rb4 20.Bh3 Nxc4 21.Rxc4 Bb5 22.Bxf5 Nxf5
23.Qxf5 Rxc4 24.Ng5 Rf7 25.Nxf7 Qa5 26.Qc8+ {#r} 1-0

[Event "It \"]
[Site "masterchessopen.com - Copenhagen (Denmark)"]
[Date "2004.07.27"]
[Round "5"]
[White "Ekeberg Carl Fredrik (NOR)"]
[Black "Holstein Erik (DEN)"]
[Result "1-0"]
[WhiteElo "2298"]
[BlackElo "2095"]

1.Nf3 f5 2.c4 d6 3.d4 g6 4.g3 Bg7 5.Nc3 Nf6 6.Bg2 O-O 7.O-O Nc6 8.d5 Ne5 9.Qb3
h6 10.Nd4 Nh5 11.e3 a6 12.Nce2 g5 13.f4 Ng6 14.Qc2 gxf4 15.exf4 Qe8 16.Bf3 Nh8
17.Bd2 Bd7 18.c5 Qg6 19.cxd6 cxd6 20.Qc7 Rfd8 21.Qxb7 Rab8 22.Qxa6 Rxb2 23.Bc3
Rbb8 24.Qd3 Nf7 25.a4 Ne5 26.fxe5 dxe5 27.Bxh5 {#r} 1-0

[Event "It (open)"]
[Site "masterchessopen.com - Cullera (Spain)"]
[Date "2004.07.27"]
[Round "7"]
[White "Navarro Ortiz De Orruno P (ESP)"]
[Black "Fernandez Gil Marco Antonio (ESP)"]
[Result "0-1"]
[WhiteElo "2089"]
[BlackElo "2261"]

1.d4 f5 2.c4 Nf6 3.Nf3 g6 4.g3 Bg7 5.Bg2 O-O 6.O-O d6 7.Nc3 Nc6 8.d5 Ne5
9.Nxe5 dxe5 10.Rb1 e4 11.f3 exf3 12.Bxf3 Ng4 13.Bxg4 fxg4 14.e4 e6 15.Be3
Rxf1+ 16.Qxf1 Qe7 17.Qd3 Bd7 18.Rf1 Re8 19.Bxa7 exd5 20.cxd5 b6 21.d6 Qxd6
22.Qxd6 cxd6 23.Bxb6 Rb8 24.Bc7 Rxb2 25.Nd5 Bd4+ 26.Kh1 Bb5 27.Ne7+ Kg7 28.Rd1
Ba7 29.Bxd6 Be2 30.Rf1 Bf3+ 31.Rxf3 Rb1+ {#R} 0-1

[Event "Ch Europe (juniors) (under 18) (g)"]
[Site "masterchessopen.com - Urgup (Turkey)"]
[Date "2004.07.30"]
[Round "2"]
[White "Batsiashvili Nino (GEO)"]
[Black "Stefan Elisabeta-Elena (ROM)"]
[Result "1-0"]
[WhiteElo "2288"]
[BlackElo "1979"]

1.d4 f5 2.Nf3 Nf6 3.g3 g6 4.Bg2 Bg7 5.O-O O-O 6.c4 d6 7.Nc3 Nc6 8.d5 Ne5
9.Nxe5 dxe5 10.Qb3 Kh8 11.Be3 h6 12.Bc5 Nd7 13.Ba3 g5 14.c5 Bf6 15.Rad1 Re8
16.Qc2 Nb8 17.Rd2 Rg8 18.b4 Qe8 19.c6 b6 20.Nb5 Qd8 21.d6 exd6 22.Nxd6 Qe7
23.Nxc8 Rxc8 24.Qxf5 a5 25.Qb1 Kg8 26.Bb2 Qe6 {#r} 1-0

[Event "It (open)"]
[Site "masterchessopen.com - Schwarzach (Austria)"]
[Round "4"]
[White "Tratar Marko (SLO)"]
[Black "Dubkov Andrej (GER)"]
[Result "1-0"]
[WhiteElo "2473"]
[BlackElo "2319"]

1.Nf3 f5 2.c4 Nf6 3.g3 g6 4.Bg2 Bg7 5.O-O O-O 6.Nc3 d6 7.d4 Nc6 8.d5 Na5 9.Qa4
c5 10.dxc6 Nxc6 11.Rd1 Ne4 12.Nxe4 fxe4 13.Ng5 Nd4 14.Re1 Bg4 15.Qd1 Qb6
16.Nxe4 Rac8 17.h3 Bd7 18.c5 Qa6 19.e3 Ba4 20.b3 Bxb3 21.axb3 Qxa1 22.exd4
Qxd4 23.cxd6 exd6 24.Be3 {#r} 1-0

[Event "It \"]
[Site "masterchessopen.com - Abudhabi (United Arab Emirates)"]
[Date "2004.08.17"]
[Round "4"]
[White "Tania Sachdev (IND)"]
[Black "Saleh Nagueb (UAE)"]
[Result "1-0"]
[WhiteElo "2256"]
[BlackElo "2187"]

1.d4 f5 2.g3 Nf6 3.Bg2 g6 4.Nf3 Bg7 5.O-O O-O 6.c4 d6 7.Nc3 Nc6 8.d5 Na5 9.Qa4
c5 10.dxc6 Nxc6 11.Rd1 Ne4 12.Nxe4 fxe4 13.Ng5 Nd4 14.Rd2 Bg4 15.Qd1 Qb6
16.Nxe4 Rac8 17.h3 Be6 18.e3 Nf5 19.c5 dxc5 20.Ng5 Bc4 21.Qc2 Ba6 22.Bd5+ Kh8
23.Nf7+ Rxf7 24.Bxf7 c4 25.Qe4 c3 26.bxc3 Bxc3 27.Rc2 Nd6 28.Qxe7 Bxa1
29.Rxc8+ Kg7 30.Rg8+ {#r} 1-0

[Event "Ch Poland (team) (2nd liga)"]
[Site "masterchessopen.com - Polanica Zdroj (Poland)"]
[Date "2004.09.10"]
[Round "9"]
[White "Rakowiecki Tomasz (POL)"]
[Black "Dudzinski Pawel (POL)"]
[Result "1-0"]
[WhiteElo "2348"]
[BlackElo "2201"]

1.Nf3 f5 2.g3 Nf6 3.Bg2 g6 4.O-O Bg7 5.d4 O-O 6.c4 d6 7.Nc3 Nc6 8.d5 Na5 9.Qd3
c5 10.b3 Rb8 11.Rb1 Bd7 12.a3 Ne4 13.Bd2 Nxc3 14.Bxc3 Bxc3 15.Qxc3 b5 16.cxb5
Rxb5 17.b4 Nb7 18.Qd2 Qc7 19.Rfc1 Rb8 20.Qh6 Bc8 21.Ng5 e6 22.dxe6 Qf7 23.Bc6
Rb6 24.Be8 Qxe8 25.Qxh7+ Kf8 26.e7+ {#r} 1-0

[Event "Tournament (Elo)"]
[Site "masterchessopen.com - Gausdal (Norway)"]
[Date "2004.09.26"]
[Round "5"]
[White "Skjoldan Benjamin (DEN)"]
[Black "Nordahl Helge (NOR)"]
[Result "0-1"]
[WhiteElo "2102"]
[BlackElo "2382"]

1.d4 d6 2.Nf3 g6 3.g3 Bg7 4.Bg2 f5 5.c4 Nf6 6.O-O O-O 7.Nc3 Nc6 8.d5 Ne5 9.Nd2
c6 10.h3 Bd7 11.Qb3 Rb8 12.f4 Nf7 13.Kh2 Qc8 14.e4 fxe4 15.Ndxe4 Nxe4 16.Nxe4
b5 17.Nc3 bxc4 18.Qxc4 cxd5 19.Bxd5 e6 20.Qxc8 Rfxc8 21.Bb3 d5 22.Rd1 a5
23.Bd2 Nd6 24.Ba4 Bxa4 25.Nxa4 Rc4 26.b3 Rxa4 27.bxa4 Bxa1 28.Bxa5 Nc4 29.Bc7
Rb2+ {#R} 0-1

[Event "It (open)"]
[Site "masterchessopen.com - Lugano (Switzerland)"]
[Date "2004.10.30"]
[Round "1"]
[White "Faldini A"]
[Black "Joksic Sinisa (SRB)"]
[Result "0-1"]
[WhiteElo "1876"]
[BlackElo "2309"]

1.d4 g6 2.c4 Bg7 3.Nf3 f5 4.g3 Nf6 5.Nc3 d6 6.Bg2 O-O 7.O-O Nc6 8.Re1 Nh5 9.d5
Na5 10.Qa4 c5 11.dxc6 Nxc6 12.e4 f4 13.Nd5 e5 14.b4 Bg4 15.Qb3 fxg3 16.Bg5
gxf2+ 17.Kxf2 Qxg5 {#R} 0-1

[Event "It (open)"]
[Site "masterchessopen.com - Calvia (Spain)"]
[Date "2004.11.02"]
[Round "2"]
[White "Minaya Juan (COL)"]
[Black "Rodriguez Andres (URU)"]
[Result "0-1"]
[WhiteElo "2278"]
[BlackElo "2533"]

1.Nf3 g6 2.c4 Bg7 3.d4 f5 4.g3 Nf6 5.Bg2 O-O 6.O-O d6 7.Nc3 Nc6 8.d5 Na5 9.Qa4
b6 10.Nd4 Bd7 11.Nc6 Qe8 12.b4 Nxc4 13.Qb3 Bxc6 14.dxc6 Qf7 15.Bg5 Ne4 16.Bxe4
fxe4 17.Rad1 Ne3 18.Bxe3 Qxb3 19.axb3 Bxc3 20.b5 Rf5 {#R} 0-1

[Event "It (open)"]
[Site "masterchessopen.com - Sauzal (Spain)"]
[Date "2004.11.06"]
[Round "3"]
[White "Perera Pablo (ESP)"]
[Black "Milov Leonid (GER)"]
[Result "0-1"]
[WhiteElo "2211"]
[BlackElo "2470"]

1.Nf3 f5 2.g3 Nf6 3.Bg2 d6 4.d4 g6 5.O-O Bg7 6.c4 O-O 7.Nc3 Nc6 8.d5 Ne5 9.Qb3
Nxf3+ 10.Bxf3 a6 11.c5 dxc5 12.Bg5 {#R} 0-1

[Event "It (open) (masters)"]
[Site "masterchessopen.com - Abudhabi (United Arab Emirates)"]
[Round "1"]
[White "Tania Sachdev (IND)"]
[Black "Kobalia Mikhail (RUS)"]
[Result "0-1"]
[WhiteElo "2379"]
[BlackElo "2634"]

1.d4 f5 2.c4 Nf6 3.Nf3 g6 4.g3 Bg7 5.Bg2 O-O 6.O-O d6 7.Nc3 Nc6 8.d5 Ne5
9.Nxe5 dxe5 10.Qc2 e4 11.Rd1 a6 12.Rb1 Bd7 13.b4 Qe8 14.c5 Kh8 15.Bf4 Rc8
16.Be5 g5 17.f3 Qg6 18.Qd2 Rf7 19.b5 exf3 20.exf3 axb5 21.Nxb5 Bxb5 22.Rxb5 c6
23.Rxb7 Nxd5 24.Qd4 f4 25.g4 h5 26.Bh3 hxg4 27.Bxg4 Ra8 28.Qb2 Kh7 29.Bxg7
Rxg7 30.Rxd5 cxd5 31.Qe5 e6 32.Bxe6 Rxb7 {#R} 0-1

[Event "Ch Schleswig Holstein"]
[Site "masterchessopen.com - Schoenberg (Germany)"]
[Round "5"]
[White "Krause Ullrich (GER)"]
[Black "Klawitter Harald (GER)"]
[Result "1-0"]
[WhiteElo "2272"]
[BlackElo "2108"]

1.d4 g6 2.Nf3 f5 3.g3 Nf6 4.Bg2 Bg7 5.O-O d6 6.c4 O-O 7.Nc3 Nc6 8.d5 Ne5 9.Qb3
Nfd7 10.Nxe5 Nxe5 11.h3 Rb8 12.f4 Nd7 13.Be3 a6 14.Rad1 Qe8 15.Ba7 Ra8 16.Bf2
h6 17.e4 fxe4 18.Nxe4 Nf6 19.Kh2 e5 20.dxe6 Bxe6 21.Nxf6+ Bxf6 22.Rfe1 {#r}
1-0

[Event "It (cat.4)"]
[Site "masterchessopen.com - Hamburg (Germany)"]
[Date "2005.01.04"]
[Round "4"]
[White "Stanke Juergen (GER)"]
[Black "Kopylov Mihail (UKR)"]
[Result "1-0"]
[WhiteElo "2334"]
[BlackElo "2445"]

1.c4 g6 2.d4 f5 3.g3 Nf6 4.Bg2 Bg7 5.Nc3 O-O 6.Nf3 d6 7.O-O Nc6 8.d5 Ne5
9.Nxe5 dxe5 10.c5 Kh8 11.Qb3 h6 12.Rd1 g5 13.Bd2 a6 14.Rac1 Qe8 15.Na4 f4
16.Ba5 fxg3 17.hxg3 Qf7 18.Rf1 Qh5 19.f3 Bh3 20.g4 Bxg4 21.fxg4 Qxg4 22.Bxc7
Nh5 23.Qh3 Qxe2 24.Nc3 Qxb2 25.Qxh5 Rxf1+ 26.Rxf1 Qxc3 27.Kh1 Qxc5 28.Bxe5
Bxe5 29.Qxh6+ Kg8 30.Qe6+ {#r} 1-0

[Event "It (open)"]
[Site "masterchessopen.com - Mount Buller (Australia)"]
[Date "2005.01.07"]
[Round "9"]
[White "Frost Peter (AUS)"]
[Black "Ali Mosaddeque (AUS)"]
[Result "0-1"]
[WhiteElo "1942"]
[BlackElo "2038"]

1.d4 f5 2.g3 Nf6 3.Bg2 g6 4.Nf3 Bg7 5.O-O O-O 6.c4 Nc6 7.Nc3 d6 8.d5 Ne5
9.Nxe5 dxe5 10.e4 f4 11.c5 g5 12.Qb3 Kh8 13.Rd1 Qe8 14.Nb5 Qh5 15.Nxc7 Ng4
16.h3 f3 17.Bf1 Nh2 18.Ne6 Bxe6 19.dxe6 Nxf1 20.Kxf1 Qxh3+ {#R} 0-1

[Event "Ch Slovenia (juniors) (under 16)"]
[Site "masterchessopen.com - Slovenia"]
[Date "2005.03.08"]
[Round "9"]
[White "Drnovsek Nejc (SLO)"]
[Black "Mitrovic Boris (SLO)"]
[Result "0-1"]
[WhiteElo "2098"]
[BlackElo "2079"]

1.d4 f5 2.g3 g6 3.Bg2 Nf6 4.Nf3 Bg7 5.O-O O-O 6.c4 d6 7.Nc3 Nc6 8.d5 Ne5
9.Nxe5 dxe5 10.e4 f4 11.b3 e6 12.Ba3 Rf7 13.d6 c6 14.Bb2 g5 15.c5 Nd7 16.Bh3
Nxc5 17.b4 Na6 18.b5 cxb5 19.Nxb5 Bd7 20.Qb3 Nc5 21.Qc4 Qb6 22.Nc7 Rc8 23.Rfd1
fxg3 24.hxg3 Nxe4 25.Qxe4 Qxf2+ {#R} 0-1

[Event "It (open)"]
[Site "masterchessopen.com - Oslo (Norway)"]
[Date "2005.03.21"]
[Round "3"]
[White "Harstad Christian (NOR)"]
[Black "Ferkingstad Sjur (NOR)"]
[Result "1-0"]
[WhiteElo "2078"]
[BlackElo "2239"]

1.d4 f5 2.Nf3 g6 3.g3 Bg7 4.Bg2 Nf6 5.c4 O-O 6.Nc3 d6 7.O-O Nc6 8.d5 Ne5
9.Nxe5 dxe5 10.Qb3 Kh8 11.Rd1 h6 12.c5 g5 13.Bd2 a6 14.Na4 Qe8 15.d6 exd6
16.cxd6 cxd6 17.Bb4 Be6 18.Qa3 e4 19.Rxd6 Rg8 20.Nc5 Bc4 21.Bc3 Rf8 22.Nxb7
Bxe2 23.Re1 Qh5 24.Nc5 Bc4 25.Qb4 Bg8 26.Qb6 Qg6 27.Red1 Kh7 28.Nd7 Nxd7
29.Rxg6 Nxb6 30.Rxg7+ Kh8 31.Rf7# 1-0

[Event "Bayern Regionalliga Southwest 2004/05"]
[Site "masterchessopen.com - Bayern (Germany)"]
[Date "2005.04.10"]
[Round "9"]
[White "Taimanov Alexander"]
[Black "Demir Bilal (GER)"]
[Result "1-0"]
[WhiteElo "2119"]
[BlackElo "2134"]

1.c4 f5 2.Nf3 Nf6 3.g3 g6 4.Bg2 Bg7 5.O-O O-O 6.Nc3 d6 7.d4 Nc6 8.d5 Na5 9.Nd2
c5 10.Qc2 a6 11.a3 Bd7 12.Rb1 Rc8 13.b3 b5 14.Bb2 bxc4 15.bxc4 e5 16.dxe6 Bxe6
17.Nd5 Bd7 18.Bc3 Nc6 19.Rb6 a5 20.Rfb1 Be8 21.e3 Nd7 22.Bxg7 Kxg7 23.Nf4 Qxb6
24.Rxb6 Nxb6 25.Qb2+ Kh6 26.Qxb6 Rb8 27.Qa6 Rb2 28.Bxc6 Rxd2 29.Bd5 {#r} 1-0

[Event "Ch Ukraine (1/2 final)"]
[Site "masterchessopen.com - Alushta (Ukraine)"]
[Date "2005.05.17"]
[Round "2"]
[White "Andrejchuk Viktor (UKR)"]
[Black "Shishkin Viktor (UKR)"]
[Result "1-0"]
[WhiteElo "2168"]
[BlackElo "2234"]

1.d4 f5 2.c4 Nf6 3.Nc3 d6 4.Nf3 g6 5.g3 Bg7 6.Bg2 O-O 7.O-O Nc6 8.d5 Na5 9.Nd2
c5 10.a3 Nd7 11.Qc2 Ne5 12.b3 b5 13.cxb5 a6 14.Bb2 axb5 15.Nxb5 Rb8 16.a4 Ba6
17.f4 Ng4 18.Bxg7 Kxg7 19.Nc4 Kg8 20.Qc3 Bxb5 21.axb5 Nb7 22.e4 fxe4 23.Bxe4
Qe8 24.b6 Nf6 25.Bg2 Qf7 26.Qd3 Ra8 27.Ra7 Rab8 28.Re1 {#r} 1-0

[Event "It (open)"]
[Site "masterchessopen.com - Znojmo (Czech Republic)"]
[Date "2005.05.22"]
[Round "9"]
[White "Simecek Bohumil (CZE)"]
[Black "Golcman Evgeny (RUS)"]
[Result "0-1"]
[WhiteElo "2117"]
[BlackElo "2311"]

1.d4 f5 2.c4 Nf6 3.g3 g6 4.Bg2 Bg7 5.Nc3 O-O 6.Nf3 d6 7.O-O Nc6 8.d5 Na5 9.Nd2
c5 10.a3 Bd7 11.Rb1 a6 12.a4 Rb8 13.b4 Ng4 14.Qc2 cxb4 15.Rxb4 Qc7 16.Nd1 b5
17.axb5 axb5 18.Bb2 Ne5 19.Ne3 Qc5 20.Qc3 Nf3+ {#R} 0-1

[Event "Ch Europe (seniors)"]
[Site "masterchessopen.com - Bad Homburg (Germany)"]
[Date "2005.06.28"]
[Round "4"]
[White "Schuler Georg (GER)"]
[Black "Winiwarter Felix (AUT)"]
[Result "0-1"]
[WhiteElo "2062"]
[BlackElo "2175"]

1.c4 f5 2.d4 Nf6 3.Nc3 g6 4.g3 Bg7 5.Bg2 O-O 6.Nf3 d6 7.O-O Nc6 8.Re1 e5 9.d5
Nb8 10.e3 a5 11.b3 Na6 12.Bb2 Nc5 13.Rb1 e4 14.Nd4 Nd3 15.Re2 Nxb2 16.Rexb2
Ng4 17.Rd2 Qe7 18.Nce2 g5 19.Qc2 Bd7 20.Rbd1 Rae8 21.a3 f4 22.exf4 e3 23.Rd3
exf2+ 24.Kh1 Ne3 25.Rxe3 Qxe3 26.Rd3 Qe7 27.Ne6 Bxe6 28.dxe6 Qxe6 29.Bd5 f1=Q+
30.Ng1 Qxd5+ 31.cxd5 Re1 {#R} 0-1

[Event "It (open)"]
[Site "masterchessopen.com - Wroclaw (Poland)"]
[Date "2005.07.01"]
[Round "7"]
[White "Lubczynski Rafal (POL)"]
[Black "Dobrowolski Piotr (POL)"]
[Result "1-0"]
[WhiteElo "2361"]
[BlackElo "2382"]

1.Nf3 g6 2.g3 Bg7 3.d4 f5 4.Bg2 Nf6 5.O-O O-O 6.c4 d6 7.Nc3 Nc6 8.d5 Na5 9.Qd3
c5 10.dxc6 Nxc6 11.Bg5 Kh8 12.Rad1 Be6 13.e4 fxe4 14.Nxe4 Nxe4 15.Qxe4 Qc8
16.Nh4 Rf7 17.Rfe1 Bg4 18.Rd2 a5 19.h3 Bf5 20.Nxf5 Rxf5 21.Qh4 Ne5 22.f4 Nxc4
23.Rc2 e6 24.b3 Qc5+ 25.Kh2 Qb4 26.Rxe6 Nb6 27.Rc7 Qd4 28.Rxg6 {#r} 1-0

[Event "It (open) (a)"]
[Site "masterchessopen.com - Pardubice (Czech Republic)"]
[Date "2005.07.26"]
[Round "5"]
[White "Skalski Michal (POL)"]
[Black "Pogosian Vladimir (ARM)"]
[Result "0-1"]
[WhiteElo "2342"]
[BlackElo "2226"]

1.d4 f5 2.g3 Nf6 3.Bg2 g6 4.Nf3 Bg7 5.c4 O-O 6.Nc3 d6 7.O-O Nc6 8.d5 Ne5
9.Nxe5 dxe5 10.Qb3 Kh8 11.c5 h6 12.Rd1 g5 13.Nb5 a6 14.Na3 Qe8 15.Nc4 e4
16.Be3 Qh5 17.f3 f4 18.gxf4 gxf4 19.Bxf4 Nxd5 20.Bg3 Be6 21.Rac1 Nf4 22.Bxf4
Rxf4 23.Qe3 Rh4 24.f4 Rxh2 25.Qxe4 Rg8 26.Ne3 Bf8 27.Kf1 Bh3 28.Rd5 Rh1+ {#R}
0-1

[Event "Ch Great Britain (Major Open)"]
[Site "masterchessopen.com - Douglas (England)"]
[Date "2005.08.04"]
[Round "4"]
[White "Islam Kh Aminul (BAN)"]
[Black "Khandelwal Ankush (ENG)"]
[Result "1-0"]
[WhiteElo "2315"]
[BlackElo "1934"]

1.d4 f5 2.Nf3 Nf6 3.g3 g6 4.Bg2 Bg7 5.O-O O-O 6.c4 d6 7.Nc3 Nc6 8.d5 Ne5
9.Nxe5 dxe5 10.c5 e6 11.c6 exd5 12.Nxd5 bxc6 13.Nb4 e4 14.Qb3+ Kh8 15.Nxc6 Qd6
16.Qc2 Bd7 17.Na5 Bb5 18.a4 Ba6 19.b3 Qd5 20.Nc6 Qe6 21.Bb2 Rae8 22.Rfe1 e3
23.f4 Ne4 24.Bxg7+ Kxg7 25.Ne5 Bb7 26.Red1 Re7 27.Rd3 Ba6 28.Rdd1 Nd2 29.b4
Bc4 30.Nxc4 Qxc4 31.Rxd2 {#r} 1-0

[Event "Ch Portugal (final)"]
[Site "masterchessopen.com - Vila Real (Portugal)"]
[Date "2005.08.07"]
[Round "5"]
[White "Damaso Rui (POR)"]
[Black "Martins Hugo Fidalgo (POR)"]
[Result "1-0"]
[WhiteElo "2446"]
[BlackElo "2142"]

1.d4 f5 2.g3 Nf6 3.Bg2 g6 4.Nf3 Bg7 5.c4 d6 6.O-O O-O 7.Nc3 Nc6 8.d5 Ne5
9.Nxe5 dxe5 10.Qb3 a6 11.c5 Kh8 12.Bd2 Qe8 13.Rad1 h6 14.e4 f4 15.gxf4 exf4
16.Bxf4 Nxe4 17.Bxc7 Nxc5 18.Qa3 Nd7 19.Rde1 Rf7 20.Bd6 Bf8 21.Nb5 Nf6 22.Nc7
Qd8 23.Be5 Ra7 24.Qe3 b6 25.Ne6 Bxe6 26.dxe6 Rh7 27.Rd1 {#r} 1-0

[Event "Czech League 2005/06 (krajsky prebor)"]
[Site "masterchessopen.com - Czech Republic"]
[Date "2006.01.08"]
[Round "0"]
[White "Jaros Mojmir"]
[Black "Markovic Ivan (CZE)"]
[Result "0-1"]
[WhiteElo "2135"]
[BlackElo "2203"]

1.g3 f5 2.Nf3 Nf6 3.Bg2 g6 4.d4 Bg7 5.O-O O-O 6.c4 d6 7.Nc3 Nc6 8.b3 e5 9.d5
Nb8 10.Qc2 a5 11.a3 Na6 12.Bd2 Bd7 13.Rac1 Nc5 14.Be3 e4 15.Nd2 Ng4 16.Bxc5
dxc5 17.Nd1 a4 18.f3 exf3 19.exf3 Bd4+ 20.Kh1 Ne5 21.f4 Nf7 22.Nf3 Qf6 23.Nc3
Rfc8 {#R} 0-1

[Event "Ch Serbia"]
[Site "masterchessopen.com - Vrnjacka Banja (Serbia)"]
[Date "2006.02.04"]
[Round "8"]
[White "Jokic Miodrag (SRB)"]
[Black "Jovanovic Momir (CRO)"]
[Result "1-0"]
[WhiteElo "2168"]
[BlackElo "2076"]

1.d4 f5 2.g3 g6 3.c4 Bg7 4.Nf3 d6 5.Bg2 Nf6 6.Nc3 O-O 7.O-O Nc6 8.d5 Ne5 9.Qb3
h6 10.h3 Kh7 11.Nd4 Nh5 12.e3 a5 13.Nce2 a4 14.Qc2 a3 15.bxa3 Ra5 16.f4 Nf7
17.Bb2 Bxd4 18.exd4 Bd7 19.Rae1 Nf6 20.Nc3 Re8 21.Bc1 Qb8 22.Rf3 Qa7 23.Qd3 c5
24.dxc5 Qxc5+ 25.Kh2 e5 26.dxe6 Rxe6 27.Qd2 {#r} 1-0

[Event "Ch Argentina (1/2 final)"]
[Site "masterchessopen.com - Buenos Aires (Argentina)"]
[Date "2006.03.26"]
[Round "7"]
[White "Tobares Leandro (ARG)"]
[Black "Nedilsky Diego (ARG)"]
[Result "0-1"]
[WhiteElo "2231"]
[BlackElo "2332"]

1.Nf3 g6 2.c4 Bg7 3.Nc3 d6 4.g3 f5 5.d4 Nf6 6.Bg2 O-O 7.O-O Nc6 8.d5 Na5 9.Qd3
c5 10.Ng5 Rb8 11.Bd2 a6 12.Rab1 Bd7 13.h3 b5 14.cxb5 axb5 15.b4 Nc4 16.bxc5
Nxd2 17.Qxd2 dxc5 18.Qe3 b4 19.Ne6 Bxe6 20.Qxe6+ Kh8 21.Nd1 Qd6 22.Ne3 Ra8
23.Nc4 Qxe6 24.dxe6 Ne4 25.Nb6 Rxa2 26.Bxe4 fxe4 27.Nd7 Rc8 28.Nxc5 Rxc5
29.Rxb4 Bf6 30.Rxe4 Rcc2 31.e3 Kg7 {#R} 0-1

[Event "It (open)"]
[Site "masterchessopen.com - Malakoff (France)"]
[Date "2006.04.10"]
[Round "4"]
[White "Leuly Max (FRA)"]
[Black "Feldis Pierre-Yves (FRA)"]
[Result "1-0"]
[WhiteElo "2168"]
[BlackElo "1788"]

1.d4 f5 2.Nf3 Nf6 3.g3 g6 4.Bg2 Bg7 5.O-O O-O 6.c4 d6 7.Nc3 Nc6 8.d5 Na5 9.Qd3
c5 10.b3 e5 11.dxe6 Bxe6 12.Bf4 h6 13.Rad1 Ne8 14.Nb5 g5 15.Be3 Nc6 16.Nxd6 b6
17.Nxg5 hxg5 18.Bxc6 Nxd6 19.Qxd6 Qxd6 20.Rxd6 Kf7 21.Bxa8 Rxa8 22.Bxg5 {#r}
1-0

[Event "Ch Austria (juniors) (under 18)"]
[Site "masterchessopen.com - Tschagguns (Austria)"]
[Date "2006.04.13"]
[Round "7"]
[White "Pirker Christian (AUT)"]
[Black "Matt Stefan (AUT)"]
[Result "1-0"]
[WhiteElo "2080"]
[BlackElo "2098"]

1.Nf3 f5 2.g3 Nf6 3.Bg2 g6 4.O-O Bg7 5.c4 O-O 6.Nc3 d6 7.d4 Nc6 8.d5 Ne5 9.Nd2
Nh5 10.e3 Bd7 11.Qb3 Rb8 12.f4 Nd3 13.Qc2 Nxc1 14.Raxc1 e5 15.b4 g5 16.fxe5
Bxe5 17.Nf3 Qf6 18.c5 f4 19.Ne4 Qg7 20.Nexg5 fxg3 21.h4 Rbe8 22.Nxe5 dxe5
23.c6 bxc6 24.dxc6 Be6 25.Nxe6 Rxe6 26.Bd5 Re8 27.Qf5 {#r} 1-0